Central Library OPAC University of Rajshahi

Wind and waves : (Record no. 23040)

MARC details
000 -LEADER
fixed length control field 01048cam a2200301 a 4500
001 - CONTROL NUMBER
control field 23040
003 - CONTROL NUMBER IDENTIFIER
rucl marc code BD-RjUL
005 - DATE AND TIME OF LATEST TRANSACTION
control field 20211209000902.0
008 - FIXED-LENGTH DATA ELEMENTS--GENERAL INFORMATION
fixed length control field 140310s1989 hiub s000 1 eng
020 ## - INTERNATIONAL STANDARD BOOK NUMBER
International Standard Book Number 082481178X (alk. paper)
035 ## - SYSTEM CONTROL NUMBER
System control number (BD-RjUL)23105
040 ## - CATALOGING SOURCE
Original cataloging agency DLC
Transcribing agency DLC
Modifying agency DLC
-- BD-RjUL
Language of cataloging eng
041 1# - LANGUAGE CODE
Language code of text/sound track or separate title engjpn
082 00 - DEWEY DECIMAL CLASSIFICATION NUMBER
Classification number 895.635
Edition number 19
Author mark and year INW 1989
100 1# - MAIN ENTRY--PERSONAL NAME
Personal name Inoue, Yasushi,
Dates associated with a name 1907-1991.
9 (RLIN) 71054
245 10 - TITLE STATEMENT
Title Wind and waves :
Remainder of title a novel /
Statement of responsibility, etc. by Yasushi Inoue ; translated by James T. Araki.
260 ## - PUBLICATION, DISTRIBUTION, ETC. (IMPRINT)
Place of publication, distribution, etc. Honolulu :
Name of publisher, distributor, etc. University of Hawaii Press,
Date of publication, distribution, etc. c1989.
300 ## - PHYSICAL DESCRIPTION
Pagination xi, 201 p. :
Illustrations maps ;
Size 22 cm.
500 ## - GENERAL NOTE
General note Translation of: Fūtō.
651 #0 - SUBJECT ADDED ENTRY--GEOGRAPHIC NAME
Geographic name Korea
General subdivision History
Chronological subdivision Koryŏ period, 935-1392
General subdivision Fiction.
9 (RLIN) 71055
Geographic name Korea
General subdivision History
Chronological subdivision Mongolian Invasions, 1231-1270
General subdivision Fiction.
9 (RLIN) 71056
Geographic name Japan
General subdivision History
Chronological subdivision Attempted Mongol Invasions, 1274-1281
General subdivision Fiction.
9 (RLIN) 71057
942 ## - ADDED ENTRY ELEMENTS (KOHA)
Source of classification or shelving scheme Dewey Decimal Classification
Koha item type Books
Holdings
Lost status Source of classification or shelving scheme Damaged status Not for loan Collection code Permanent Location Current Location Shelving location Date acquired Source of acquisition Total Checkouts Full call number Date last seen Copy number Koha item type
  Dewey Decimal Classification   Added to bundle Fiction Central Library, University of Rajshahi Central Library, University of Rajshahi Reading Room 10/07/1994 Gift   895.635 INW 1989 10/03/2014 C-1 Books